000 00393nam a22001577a 4500
003 MPLRDC
005 20220104123400.0
008 210129b ||||| |||| 00| 0 eng d
082 _a943.97 HJ
100 _a宏基出版社编辑部
245 _a实用钢笔字帖
_c
260 _a
_b宏基出版社
_c
300 _b
650 _a法帖; 碑帖--钢笔字帖
942 _cBK
_o943.97 HJ
999 _c10983
_d10973